000 00445nam a2200181Ia 4500
001 20250
005 20260306172752.0
008 260306t2000||||xx |||||||||||||| ||spa||
041 _aESP
082 _aS 343.034
_bA91 2000
100 _aAvelino Sánchez, Esteban
_eAUT
245 0 _aGestión financiera del sector público
260 _c2000
300 _a260 páginas :
_c
650 _aGEN
654 _aCDE
942 _cLIB
_dJUS
_fJUS
_2ddc
_n
999 _c20250
_d20250